[Event "Edmonton-ch Reserves"]
[Site "Edmonton"]
[Date "2009.01.08"]
[Round "1"]
[White "MacLeod, Damon"]
[Black "Johnson, Ron"]
[Result "1/2-1/2"]
[WhiteElo "1653"]
[BlackElo "1442"]
[PlyCount "110"]
[EventDate "2009.01.08"]
[EventType "swiss"]
[EventRounds "7"]
[EventCountry "CAN"]
[SourceTitle "EXT 2011"]
[Source "ChessBase"]
[SourceDate "2010.11.26"]
[SourceVersion "1"]
[SourceVersionDate "2010.11.26"]
[SourceQuality "1"]

1. e4 e5 2. Nf3 Nc6 3. Bb5 a6 4. Bxc6 dxc6 5. 0-0 f6 6. d4 exd4 7. Nxd4 c5 8. Nb3 Qxd1 9. Rxd1 b6 10. Bf4 Ra7 11. Nc3 c6 12. Bd6 Rd7 13. Bxf8 Kxf8 14. f4 Nh6 15. h3 Kf7 16. Rxd7+ Bxd7 17. Rd1 Rd8 18. Kf2 Ke7 19. g4 Nf7 20. Ke3 g6 21. Nd2 b5 22. Nf3 f5 23. gxf5 gxf5 24. e5 Rg8 25. Rg1 Rxg1 26. Nxg1 Nd8 27. Kf3 Ne6 28. Nge2 Nd4+ 29. Nxd4 cxd4 30. Ne2 c5 31. c3 Bc6+ 32. Kf2 d3 33. Ng3 Ke6 34. Nf1 Bd5 35. a3 a5 36. Nd2 c4 37. Ke3 h5 38. Kd4 Bc6 39. Kc5 Be8 40. h4 a4 41. Nf3 Bd7 42. Kd4 Bc6 43. Ng5+ Ke7 44. Ke3 Bd7 45. Nh7 Bc6 46. Nf6 Be8 47. Nd5+ Ke6 48. Nb4 Bd7 49. Na6 Ke7 50. Nc5 Be6 51. Nxd3 cxd3 52. Kxd3 Bc4+ 53. Kd4 Ke6 54. Kc5 Bd3 55. Kb6 Bc4 1/2-1/2

[Event "Edmonton op"]
[Site "Edmonton"]
[Date "2008.07.24"]
[Round "4"]
[White "Johnson, Ron"]
[Black "Mrugala, Jonathan"]
[Result "0-1"]
[WhiteElo "1432"]
[BlackElo "1736"]
[PlyCount "70"]
[EventDate "2008.07.03"]
[EventType "swiss"]
[EventRounds "5"]
[EventCountry "CAN"]
[SourceTitle "EXT 2011"]
[Source "ChessBase"]
[SourceDate "2010.11.26"]
[SourceVersion "1"]
[SourceVersionDate "2010.11.26"]
[SourceQuality "1"]

1. e4 g6 2. Nf3 Bg7 3. d4 d6 4. Bb5+ Bd7 5. Bxd7+ Nxd7 6. 0-0 c5 7. c3 Qc7 8. Bf4 Qb6 9. Qd2 Ngf6 10. Re1 0-0 11. Na3 Rac8 12. e5 Nd5 13. Nc4 Qa6 14. b3 Nxf4 15. Qxf4 b5 16. Ne3 cxd4 17. cxd4 dxe5 18. dxe5 Rc5 19. Ng4 h5 20. Nh6+ Kh7 21. Ng5+ Kh8 22. Nhxf7+ Kg8 23. Qe4 Nxe5 24. Rac1 Rxc1 25. Rxc1 Nxf7 26. Ne6 Rc8 27. Rxc8+ Qxc8 28. h4 Kh7 29. f4 Qc1+ 30. Kh2 Qf1 31. Nxg7 Kxg7 32. Qf3 Qxf3 33. gxf3 Kf6 34. Kg2 Kf5 35. Kg3 Nd8 0-1

[Event "Lloydminster Battle at the Border"]
[Site "Lloydminster"]
[Date "2007.10.21"]
[Round "4"]
[White "Johnson, Ron"]
[Black "Zeggelaar, Mike"]
[Result "0-1"]
[WhiteElo "1420"]
[BlackElo "1528"]
[PlyCount "58"]
[EventDate "2007.10.20"]
[EventType "swiss"]
[EventRounds "4"]
[EventCountry "CAN"]
[SourceTitle "EXT 2022"]
[Source "ChessBase"]
[SourceDate "2021.10.06"]
[SourceVersion "1"]
[SourceVersionDate "2021.10.06"]
[SourceQuality "1"]

1. e4 e5 2. Nf3 Nc6 3. d4 exd4 4. Nxd4 Bc5 5. Nxc6 dxc6 6. Qxd8+ Kxd8 7. Bd3 Nf6 8. 0-0 Re8 9. Bg5 Bd4 10. c3 h6 11. cxd4 hxg5 12. Nd2 Be6 13. Nf3 Nh7 14. b3 g4 15. Ne5 f6 16. Ng6 Nf8 17. Nf4 Bd7 18. Rfe1 g5 19. Nh5 Ke7 20. Ng7 Red8 21. Nf5+ Kf7 22. Bc4+ Ne6 23. Nh6+ Kg6 24. Nxg4 Nxd4 25. Ne3 b5 26. Bf1 a5 27. g3 Nf3+ 28. Kg2 Nxe1+ 29. Rxe1 Be6 0-1

[Event "Lloydminster Battle at the Border"]
[Site "Lloydminster"]
[Date "2007.10.20"]
[Round "1"]
[White "Steer, David"]
[Black "Johnson, Ron"]
[Result "1-0"]
[WhiteElo "1587"]
[BlackElo "1420"]
[PlyCount "27"]
[EventDate "2007.10.20"]
[EventType "swiss"]
[EventRounds "4"]
[EventCountry "CAN"]
[SourceTitle "EXT 2022"]
[Source "ChessBase"]
[SourceDate "2021.10.06"]
[SourceVersion "1"]
[SourceVersionDate "2021.10.06"]
[SourceQuality "1"]

1. e4 e5 2. Nf3 Nc6 3. Bb5 a6 4. Bxc6 dxc6 5. 0-0 f6 6. d4 exd4 7. Nxd4 Qd6 8. f4 Bd7 9. e5 Qc5 10. e6 Bxe6 11. Kh1 0-0-0 12. Nxe6 Rxd1 13. Rxd1 Bd6 14. Nxc5 1-0